|
|
|
|
| LEADER |
00000nam0a2200000 4500 |
| 001 |
675390 |
| 005 |
20241212131934.0 |
| 035 |
|
|
|a (RuTPU)RU\TPU\book\323395
|
| 090 |
|
|
|a 675390
|
| 100 |
|
|
|a 20241011d1961 k||y0rusy50 ca
|
| 101 |
0 |
|
|a rus
|
| 102 |
|
|
|a RU
|
| 105 |
|
|
|a a z 001zy
|
| 181 |
|
0 |
|a i
|b e
|
| 182 |
|
0 |
|a n
|
| 183 |
|
0 |
|a nc
|2 RDAcarrier
|
| 200 |
1 |
|
|a Процессы фазового превращения в разреженной среде и методы расчета теплохимических аппаратов
|e [сборник]
|f Всесоюзный научно-исследовательский и конструкторский институт химического машиностроения НИИХИММАШ; под ред. И. И. Саламатова
|
| 203 |
|
|
|a Текст
|b визуальный
|c непосредственный
|
| 210 |
|
|
|a Москва
|c Информационно-издательский отдел
|d 1961
|
| 215 |
|
|
|a 126 с.
|c ил.
|
| 225 |
|
|
|a Труды [НИИХИММАШ]
|v Вып. 36
|
| 283 |
|
|
|a volume
|2 RDAcarrier
|
| 320 |
|
|
|a Библиография в конце статей
|
| 606 |
1 |
|
|a Химическое машиностроение
|9 54065
|
| 606 |
1 |
|
|a Теплохимические аппараты
|9 54246
|
| 610 |
1 |
|
|a разреженная среда
|
| 610 |
1 |
|
|a конструирование
|
| 610 |
1 |
|
|a вакуумные кондесаторы
|
| 610 |
1 |
|
|a теплоотдача
|
| 610 |
1 |
|
|a красители
|
| 610 |
1 |
|
|a сушка
|
| 610 |
1 |
|
|a искусственное волокно
|
| 610 |
1 |
|
|a порофоры
|
| 610 |
1 |
|
|a сульфохлориды
|
| 610 |
1 |
|
|a схемы
|
| 675 |
|
|
|a 66.02.002.3
|v 4
|
| 675 |
|
|
|a 66.04
|v 4
|
| 702 |
|
1 |
|a Саламатов
|b И. И.
|4 340
|
| 712 |
0 |
2 |
|a Всесоюзный научно-исследовательский и конструкторский институт химического машиностроения
|c (1946-1969)
|c (Москва)
|9 24783
|
| 801 |
|
1 |
|a RU
|b 63413507
|c 20241011
|
| 801 |
|
2 |
|a RU
|b 63413507
|c 20170627
|g RCR
|
| 830 |
|
|
|a Ретро2024Продолжающиеся
|
| 850 |
|
|
|a 63413507
|
| 942 |
|
|
|c CR
|